| 000 | 00989nam a2200289 a 4500 | ||
|---|---|---|---|
| 003 | CO-PeBPR | ||
| 005 | 20260426100452.0 | ||
| 008 | 260415e2024 ck a|||| n||| 00| 0 spa c | ||
| 020 | _a9789588983585 | ||
| 040 | 0 |
_aCO-PeBPR _bspa _cCO-PeBPR _erda |
|
| 041 | 0 | _hspa | |
| 082 | 0 | 4 | _a(i) Co861 V649d |
| 100 | 1 |
_aVidal Romero, Velia _d1982 _eautora |
|
| 245 | 1 | 0 |
_aDiez lunas para una espera _c/ Velia Vidal ; ilustraciones de Natalia Rojas Castro |
| 250 | _aEdición especial | ||
| 264 | 1 |
_aBogotá, Colombia _b: Penguin Random House _c, 2024 |
|
| 300 |
_a40 páginas _b: ilustraciones a color _c24 centímetros |
||
| 336 |
_atexto _btxt _crdacontenido |
||
| 337 |
_asin mediación _bn _2rdamedio |
||
| 338 |
_avolumen _bnc _2rdasoporte |
||
| 521 | _aRecomendado para 0 a 7 años. | ||
| 650 | 1 | 4 |
_2LEMB _aPoesía infantil colombiana |
| 650 | 1 | 4 |
_2LEMB _aCanciones de cuna |
| 650 | 1 | 4 |
_2LEMB _aMaternidad en la literatura |
| 700 | 1 |
_aRojas Castro, Natalia _eilustradora |
|
| 942 |
_2ddc _cBKINF |
||
| 999 |
_c17794 _d17794 |
||